000 00555nam a22002057a 4500
003 AR-RoIUNI
005 20241122062948.0
007 ta
008 231010s1917 sp a||||r|||| 001 0 spa d
040 _cIUNIR
080 _a615.37 LAN
100 _aLandete, B
245 1 0 _aVacunoterapia general y especial de infecciones quirúrgicas y bucales /
_cB. Landete y P. Mayoral
250 _a1a ed.
260 _aValencia :
_bPubul ,
_c[1917]
300 _a421 p. :
_bil. ;
_c23 cm.
650 1 0 _aOdontología
_9546
700 _aMayoral, P.
942 _2cdu
_cBK
999 _c5732
_d5732